000 01115nam0a2200325 4500
001 RU\NLR\bibl\1423173
005 20260406085426.0
010 _a978-5-465-02104-3
_920000
021 _aRU
_b2009-63659
_93921
035 _a(nilc)RSL-KNO-004368049
035 _a(NLR Aleph) 001415105
090 _a1307079
_c1307079
100 _a20090724d2009 |||y0rusy50 ca
101 0 _arus
102 _aRU
105 _aa |||||||||
200 1 _aБаю-баю-баиньки
_e[для чтения взрослыми детям
_fхудож. В. Л. Вахтин]
210 _aМосква
_cОмега
_cОмега-пресс
_d2009
215 _a[14] с.
_cцв. ил.
_d22
225 1 _aДля самых маленьких
225 1 _aПотешки
309 _aБез тит. л. Описано по обл.
702 1 _4040
_8rus
_7ca
_aВахтин
_cхудожник
_bВ. Л.
_gВиктор Л.
_3RU\NLR\AUTH\7755025
_937957
801 0 _aRU
_bРГБ
_c20090724
_gRCR
801 1 _aRU
_bРГБ
_c20090724
801 2 _aRU
_bNLR
_c20091013
_grcr
942 _cBOOK
980 _aNB